Unscramble the Christmas Words - Statistics

General Stats
  • This quiz has been taken 96 times
  • The average score is 13 of 15
Answer Stats
Letters Word % Correct
yljol Jolly
99%
aants uslca Santa claus
95%
dyanc eanc Candy cane
94%
ydnac neac Candy cane
94%
eltsim eot Mistle toe
93%
einredre Reindeer
93%
rete Tree
93%
tckiongss Stockings
92%
thnro leop North pole
88%
lehigs Sleigh
87%
iinggv Giving
83%
aylimf Family
81%
eerntps Present
73%
hiltgs Lights
62%
hetraw Wreath
58%
No matching quizzes found
Score Distribution
Percent of People with Each Score
Percentile by Number Answered
Your Score History
You have not taken this quiz